000 00423nam a22001337a 4500
005 20260120085344.0
008 260120b |||||||| |||| 00| 0 eng d
020 _a0071377948
100 _aGustafson A. David
245 _a Schaum's Outlines of Theory and Problems of Software Engineering
_c/ David A. Gustafson
260 _aNew York;
_bMcGraw-Hill Companies,Inc.
_c2002.
300 _aix, 223p.
_c27.5cm
942 _2ddc
_cBK
_n0
999 _c136
_d136